| 000 | 00421nam a22001457a 4500 | ||
|---|---|---|---|
| 020 | _a8123900457 | ||
| 050 |
_aQE471.15 _b.L5 C43 1992 |
||
| 100 | _aChadha .S.K. | ||
| 245 | _aPetrography of the Trikuta Limestone of the Outer Himalaya of Jammu(J AND K State) India | ||
| 260 |
_aNew Delhi _bCBS Publishers _c1992 |
||
| 300 | _a85p. | ||
| 500 | _aIncludes bibliographic references | ||
| 650 | _bPetrography | ||
| 942 | _cGEN | ||
| 999 |
_c2238 _d2238 |
||